美国领事机构所在城市 - Statistics

General Stats
  • This quiz has been taken 18 times
  • The average score is 50 of 122
Answer Stats
国家或地区 机构类型 城市 % Correct
中国 总领事馆 上海
100%
中国 总领事馆 广州
94%
中国 总领事馆 武汉
94%
印度 总领事馆 孟买
88%
日本 领事馆 名古屋
88%
日本 总领事馆 大阪
88%
加拿大 总领事馆 蒙特利尔
82%
加拿大 总领事馆 多伦多
82%
加拿大 总领事馆 温哥华
82%
土耳其 总领事馆 伊斯坦布尔
82%
德国 总领事馆 汉堡
82%
意大利 总领事馆 米兰
82%
巴西 总领事馆 里约热内卢
76%
巴西 总领事馆 圣保罗
76%
中国 总领事馆 沈阳
76%
中国 总领事馆 香港
76%
印度 总领事馆 加尔各答
76%
日本 总领事馆 札幌
76%
韩国 领事馆 釜山
76%
阿拉伯联合酋长国 总领事馆 迪拜
76%
德国 总领事馆 法兰克福
76%
西班牙 总领事馆 巴塞罗那
76%
瑞士 领事代理处 苏黎世
76%
澳大利亚 总领事馆 悉尼
76%
印度 领事馆 班加罗尔
71%
泰国 总领事馆 清迈
71%
越南 总领事馆 胡志明市
71%
法国 总领事馆 马赛
71%
德国 总领事馆 慕尼黑
71%
英国 总领事馆 爱丁堡
71%
澳大利亚 总领事馆 墨尔本
71%
尼日利亚 总领事馆 拉各斯
65%
南非 总领事馆 开普敦
65%
南非 总领事馆 约翰内斯堡
65%
以色列 大使馆分馆 特拉维夫
65%
哈萨克斯坦 总领事馆 阿拉木图
65%
法国 总领事馆 里昂
65%
意大利 总领事馆 佛罗伦萨
65%
意大利 总领事馆 那不勒斯
65%
瑞士 领事代理处 日内瓦
65%
摩洛哥 总领事馆 卡萨布兰卡
59%
印度尼西亚 总领事馆 泗水
59%
巴基斯坦 总领事馆 卡拉奇
59%
沙特阿拉伯 总领事馆 吉达
59%
意大利 领事代理处 威尼斯
59%
西班牙 领事代理处 塞维利亚
59%
西班牙 领事代理处 瓦伦西亚
59%
澳大利亚 总领事馆 珀斯
59%
新西兰 总领事馆 奥克兰
59%
巴基斯坦 总领事馆 拉合尔
53%
土耳其 领事代理处 伊兹密尔
53%
法国 总领事馆 波尔多
53%
加拿大 总领事馆 魁北克
47%
印度 总领事馆 钦奈
47%
日本 领事馆 福冈
47%
菲律宾 领事代理处 宿务
47%
格陵兰 领事馆 努克
47%
德国 总领事馆 杜塞尔多夫
47%
英国 总领事馆 贝尔法斯特
47%
巴西 总领事馆 累西腓
41%
日本 总领事馆 那霸
41%
荷兰 总领事馆 阿姆斯特丹
41%
波兰 总领事馆 克拉科夫
41%
巴西 领事代理处 马瑙斯
35%
加拿大 总领事馆 卡尔加里
35%
加拿大 领事馆 温尼伯
35%
墨西哥 总领事馆 蒂华纳
35%
印度 总领事馆 海得拉巴
35%
巴基斯坦 总领事馆 白沙瓦
35%
南非 总领事馆 德班
29%
巴西 大使馆分馆 贝洛奥里藏特
29%
厄瓜多尔 总领事馆 瓜亚基尔
29%
墨西哥 领事代理处 坎昆
29%
德国 总领事馆 莱比锡
29%
意大利 领事代理处 热那亚
29%
波兰 领事代理处 波兹南
29%
喀麦隆 大使馆分馆 杜阿拉
24%
墨西哥 总领事馆 瓜达拉哈拉
24%
墨西哥 总领事馆 蒙特雷
24%
法国 总领事馆 斯特拉斯堡
24%
意大利 领事代理处 巴勒莫
24%
西班牙 领事代理处 马拉加
24%
墨西哥 总领事馆 华雷斯城
18%
印度尼西亚 领事馆 棉兰
18%
希腊 总领事馆 塞萨洛尼基
18%
玻利维亚 领事代理处 圣克鲁斯德拉谢拉
12%
巴西 总领事馆 阿雷格里港
12%
巴西 领事代理处 萨尔瓦多
12%
秘鲁 领事代理处 库斯科
12%
伊拉克 总领事馆 埃尔比勒
12%
土耳其 领事馆 阿达纳
12%
法国 总领事馆 雷恩
12%
西班牙 领事代理处 帕尔马
12%
安提瓜和巴布达 领事代理处 圣约翰
6%
巴西 领事代理处 福塔莱萨
6%
加拿大 总领事馆 哈利法克斯
6%
洪都拉斯 领事代理处 圣佩德罗苏拉
6%
墨西哥 领事代理处 阿卡普尔科
6%
百慕大 总领事馆 汉密尔顿​
6%
多米尼加共和国 领事代理处 巴瓦罗/蓬塔卡纳
0%
多米尼加共和国 领事代理处 普拉塔港
0%
牙买加 领事代理处 蒙特哥贝
0%
墨西哥 总领事馆 埃莫西约
0%
墨西哥 总领事馆 马塔莫罗斯
0%
墨西哥 总领事馆 梅里达
0%
墨西哥 总领事馆 诺加莱斯
0%
墨西哥 总领事馆 新拉雷多
0%
墨西哥 领事代理处 卡波圣卢卡斯
0%
墨西哥 领事代理处 马萨特兰
0%
墨西哥 领事代理处 瓦哈卡
0%
墨西哥 领事代理处 彼德拉斯内格拉斯
0%
墨西哥 领事代理处 普拉亚德尔卡曼
0%
墨西哥 领事代理处 巴亚尔塔港
0%
墨西哥 领事代理处 圣米格尔德阿连德
0%
印度尼西亚 领事代理处 登巴萨
0%
沙特阿拉伯 总领事馆 宰赫兰
0%
波斯尼亚和黑塞哥维那 大使馆分馆 巴尼亚卢卡
0%
波斯尼亚和黑塞哥维那 大使馆分馆 莫斯塔尔
0%
库拉索 总领事馆 威廉斯塔德
0%
葡萄牙 领事馆 蓬塔德尔加达
0%
西班牙 领事代理处 拉斯帕尔马斯
0%
开曼群岛 领事代理处 乔治城
0%
No matching quizzes found
Score Distribution
Percent of People with Each Score
Percentile by Number Answered
Your Score History
You have not taken this quiz